Statistics for Countries With Most Vowels

Click here to take the quiz!

General Stats

  • This quiz has been taken 494 times
  • The average score is 6 of 10

Answer Stats

VowelsCountry% Correct
11Democratic Republic of the Congo
89%
12Federated States of Micronesia
83%
10Saint Vincent and the Grenadines
65%
9United Arab Emirates
65%
8Central African Republic
61%
8Antigua and Barbuda
57%
8Papua New Guinea
57%
8São Tomé and Príncipe
46%
9Bosnia and Herzegovina
44%
10Equatorial Guinea
39%

Score Distribution

Percentile by Number Answered

Percent of People with Each Score

Your Score History

You have not taken this quiz